| 000 | 00417nam a2200181Ia 4500 | ||
|---|---|---|---|
| 001 | 14816 | ||
| 005 | 20260306164942.0 | ||
| 008 | 260306t1999||||xx |||||||||||||| ||spa|| | ||
| 041 | _aESP | ||
| 082 |
_a519.4 _bCH523 1999 |
||
| 100 |
_aChapra, Steven C. _eAUT |
||
| 245 | 0 | _aMétodos númericos para ingenieros | |
| 260 | _c1999 | ||
| 300 |
_a _c |
||
| 650 | _aGEN | ||
| 654 | _aCMA | ||
| 942 |
_cLIB _dJUS _fJUS _2ddc _n |
||
| 999 |
_c14816 _d14816 |
||